<?xml version="1.0" encoding="UTF-8"?>
<collection xmlns="http://www.loc.gov/MARC21/slim">
 <record>
  <leader>07406cam a2201057 c 4500</leader>
  <controlfield tag="001">826683754</controlfield>
  <controlfield tag="003">DE-627</controlfield>
  <controlfield tag="005">20251216141340.0</controlfield>
  <controlfield tag="007">tu</controlfield>
  <controlfield tag="008">150603s2015    gw ||||| c    00| ||ger c</controlfield>
  <datafield tag="015" ind1=" " ind2=" ">
   <subfield code="a">15,N23</subfield>
   <subfield code="2">dnb</subfield>
  </datafield>
  <datafield tag="016" ind1="7" ind2=" ">
   <subfield code="a">1071563246</subfield>
   <subfield code="2">DE-101</subfield>
  </datafield>
  <datafield tag="020" ind1=" " ind2=" ">
   <subfield code="a">9783731902270</subfield>
   <subfield code="c">Gb. : ca. EUR 29.95 (DE), ca. EUR 30.80 (AT), ca. sfr 34.40 (freier Pr.)</subfield>
   <subfield code="9">978-3-7319-0227-0</subfield>
  </datafield>
  <datafield tag="024" ind1="3" ind2=" ">
   <subfield code="a">9783731902270</subfield>
  </datafield>
  <datafield tag="035" ind1=" " ind2=" ">
   <subfield code="a">(DE-627)826683754</subfield>
  </datafield>
  <datafield tag="035" ind1=" " ind2=" ">
   <subfield code="a">(DE-576)433918179</subfield>
  </datafield>
  <datafield tag="035" ind1=" " ind2=" ">
   <subfield code="a">(DE-599)DNB1071563246</subfield>
  </datafield>
  <datafield tag="035" ind1=" " ind2=" ">
   <subfield code="a">(OCoLC)913296111</subfield>
  </datafield>
  <datafield tag="035" ind1=" " ind2=" ">
   <subfield code="a">(OCoLC)913296111</subfield>
  </datafield>
  <datafield tag="035" ind1=" " ind2=" ">
   <subfield code="a">(OCoLC)1078740935</subfield>
  </datafield>
  <datafield tag="040" ind1=" " ind2=" ">
   <subfield code="a">DE-627</subfield>
   <subfield code="b">ger</subfield>
   <subfield code="c">DE-627</subfield>
   <subfield code="e">rakwb</subfield>
  </datafield>
  <datafield tag="041" ind1=" " ind2=" ">
   <subfield code="a">ger</subfield>
  </datafield>
  <datafield tag="044" ind1=" " ind2=" ">
   <subfield code="c">XA-DE-HE</subfield>
  </datafield>
  <datafield tag="050" ind1=" " ind2="0">
   <subfield code="a">N6888.C72</subfield>
  </datafield>
  <datafield tag="082" ind1="0" ind2=" ">
   <subfield code="a">759.3</subfield>
   <subfield code="q">DE-101</subfield>
   <subfield code="2">22/ger</subfield>
  </datafield>
  <datafield tag="082" ind1="0" ind2="4">
   <subfield code="a">750</subfield>
   <subfield code="a">230</subfield>
   <subfield code="q">DE-101</subfield>
  </datafield>
  <datafield tag="082" ind1="0" ind2="4">
   <subfield code="a">700</subfield>
  </datafield>
  <datafield tag="084" ind1=" " ind2=" ">
   <subfield code="a">9,10</subfield>
   <subfield code="a">1</subfield>
   <subfield code="2">ssgn</subfield>
  </datafield>
  <datafield tag="084" ind1=" " ind2=" ">
   <subfield code="a">LI 23970</subfield>
   <subfield code="2">rvk</subfield>
   <subfield code="0">(DE-625)rvk/95810:</subfield>
  </datafield>
  <datafield tag="084" ind1=" " ind2=" ">
   <subfield code="a">LI 23940</subfield>
   <subfield code="2">rvk</subfield>
   <subfield code="0">(DE-625)rvk/95808:</subfield>
  </datafield>
  <datafield tag="084" ind1=" " ind2=" ">
   <subfield code="a">20.31</subfield>
   <subfield code="2">bkl</subfield>
  </datafield>
  <datafield tag="084" ind1=" " ind2=" ">
   <subfield code="a">21.02</subfield>
   <subfield code="2">bkl</subfield>
  </datafield>
  <datafield tag="245" ind1="0" ind2="0">
   <subfield code="a">Cranach in Anhalt</subfield>
   <subfield code="b">vom alten zum neuen Glauben ; [anlässlich der Landesausstellung Sachsen-Anhalt &quot;Cranach der Jüngere 2015&quot;, 26.6. - 1.11.2015]</subfield>
   <subfield code="c">hrsg. von Norbert Michels. Mit Beitr. von Jürgen von Ahn ...</subfield>
  </datafield>
  <datafield tag="264" ind1=" " ind2="1">
   <subfield code="a">Petersberg</subfield>
   <subfield code="b">Imhof</subfield>
   <subfield code="c">2015</subfield>
  </datafield>
  <datafield tag="300" ind1=" " ind2=" ">
   <subfield code="a">303 S.</subfield>
   <subfield code="b">zahlr. Ill., Faks., Kt.</subfield>
   <subfield code="c">31 cm</subfield>
  </datafield>
  <datafield tag="336" ind1=" " ind2=" ">
   <subfield code="a">Text</subfield>
   <subfield code="b">txt</subfield>
   <subfield code="2">rdacontent</subfield>
  </datafield>
  <datafield tag="336" ind1=" " ind2=" ">
   <subfield code="a">unbewegtes Bild</subfield>
   <subfield code="b">sti</subfield>
   <subfield code="2">rdacontent</subfield>
  </datafield>
  <datafield tag="337" ind1=" " ind2=" ">
   <subfield code="a">ohne Hilfsmittel zu benutzen</subfield>
   <subfield code="b">n</subfield>
   <subfield code="2">rdamedia</subfield>
  </datafield>
  <datafield tag="338" ind1=" " ind2=" ">
   <subfield code="a">Band</subfield>
   <subfield code="b">nc</subfield>
   <subfield code="2">rdacarrier</subfield>
  </datafield>
  <datafield tag="361" ind1="1" ind2=" ">
   <subfield code="5">DE-32</subfield>
   <subfield code="y">1680736531</subfield>
   <subfield code="s">275340 - B</subfield>
   <subfield code="o">Vorbesitz</subfield>
   <subfield code="a">Imhof, Michael</subfield>
   <subfield code="0">(DE-588)121094960</subfield>
   <subfield code="0">(DE-627)081083025</subfield>
   <subfield code="0">(DE-576)292534671</subfield>
   <subfield code="f">Widmung</subfield>
   <subfield code="f">Autogramm</subfield>
   <subfield code="k">2017-04-22</subfield>
   <subfield code="z">Autogramm schlecht lesbar</subfield>
  </datafield>
  <datafield tag="361" ind1="1" ind2=" ">
   <subfield code="5">DE-32</subfield>
   <subfield code="y">1680736531</subfield>
   <subfield code="s">275340 - B</subfield>
   <subfield code="o">Vorbesitz</subfield>
   <subfield code="a">Seemann, Hellmut</subfield>
   <subfield code="0">(DE-588)129733563</subfield>
   <subfield code="0">(DE-627)478569874</subfield>
   <subfield code="0">(DE-576)171212169</subfield>
   <subfield code="f">Exemplar: Widmungsempfänger</subfield>
  </datafield>
  <datafield tag="490" ind1="1" ind2=" ">
   <subfield code="a">Kataloge der Anhaltischen Gemäldegalerie Dessau</subfield>
   <subfield code="v">Bd. 19</subfield>
  </datafield>
  <datafield tag="500" ind1=" " ind2=" ">
   <subfield code="a">Literaturverz. S. 290 -302</subfield>
  </datafield>
  <datafield tag="505" ind1="8" ind2="0">
   <subfield code="t">Leihgeber und Ausstellungspartner ; Grusswort ; Einführung und Dank ; Aufsätze ; Im Auge des Hurrikans : Cranachs Werkstatt in den ersten Reformationsjahrzehnten</subfield>
   <subfield code="r">Andreas Tacke</subfield>
  </datafield>
  <datafield tag="505" ind1="8" ind2="0">
   <subfield code="t">Fegefeuer und Rosenkranz. Imaginationen und Realien der vorreformatorischen Frömmigkeit</subfield>
   <subfield code="r">Hartmut Kühne</subfield>
  </datafield>
  <datafield tag="505" ind1="8" ind2="0">
   <subfield code="t">Luthers Werk und Cranachs Beitrag : Bildertheologie in den facettenreichen Bilderwelten zum leidenden Christus</subfield>
   <subfield code="r">Birgit Ulrike Münch</subfield>
  </datafield>
  <datafield tag="505" ind1="8" ind2="0">
   <subfield code="t">Potenziale der Herrschaft : die Fürsten von Anhalt und die späte Reformation</subfield>
   <subfield code="r">Jan Brademann</subfield>
  </datafield>
  <datafield tag="505" ind1="8" ind2="0">
   <subfield code="t">Herrschaft und Bekenntnis : Cranachs Epitaphien für die evangelischen Askanier</subfield>
   <subfield code="r">Ruth Slenczka</subfield>
  </datafield>
  <datafield tag="505" ind1="8" ind2="0">
   <subfield code="t">Fugite idola! Reformierte Bildentfernungen in Anhalt</subfield>
   <subfield code="r">Nadine Jaser</subfield>
  </datafield>
  <datafield tag="505" ind1="8" ind2="0">
   <subfield code="t">Exkurs ; Bucheinbände der Cranachzeit in der Dessauer Bibliothek</subfield>
   <subfield code="r">Holger Nickel</subfield>
  </datafield>
  <datafield tag="505" ind1="8" ind2="0">
   <subfield code="t">Das Dessauer Residenzschloss im Jahrhundert der Reformation</subfield>
   <subfield code="r">Anke Neugebauer</subfield>
  </datafield>
  <datafield tag="505" ind1="8" ind2="0">
   <subfield code="t">Katalog ; Von der Himmelskönigin zur Magd Gottes : Wandel der Marienverehrung ; Christus als Leidender und Opfer : Mitleid und Schuld als Frömmigkeitsimpuls ; Heiligenverehrung contra Höllenpein : vom Versuch, durch Frömmigkeit der Verdammnis zu entgehen ; Im Zeitalter der Reformation : Christus als gnadenbringender Heiland und als Garant weltlicher Herrschaft ; Zusätzlich ausgestellte Werke ; Bücher ; Protestantische Herrschaftsrepräsentation im Spiegel der Georgsbibliothek ; Fürstliche Frömmigkeit im Spiegel der Georgsbibliothek ; Bilderstreit in Druckschriften ; Porträts : Porträts von Persönlichkeiten der Reformation ; Abgekürzt zitierte Literatur ; Abbildungsnachweis ; Abkürzungsverzeichnis.</subfield>
  </datafield>
  <datafield tag="583" ind1="1" ind2=" ">
   <subfield code="a">Archivierung/Langzeitarchivierung gewährleistet</subfield>
   <subfield code="f">SSG</subfield>
   <subfield code="x">XA-DE-BW</subfield>
   <subfield code="2">pdager</subfield>
   <subfield code="5">DE-16</subfield>
  </datafield>
  <datafield tag="600" ind1="1" ind2="0">
   <subfield code="a">Cranach, Lucas</subfield>
   <subfield code="d">1472-1553</subfield>
   <subfield code="v">Exhibitions</subfield>
  </datafield>
  <datafield tag="650" ind1=" " ind2="0">
   <subfield code="a">Reformation and art</subfield>
   <subfield code="z">Germany</subfield>
   <subfield code="v">Exhibitions</subfield>
  </datafield>
  <datafield tag="650" ind1=" " ind2="0">
   <subfield code="a">Art and religion</subfield>
   <subfield code="v">Exhibitions</subfield>
  </datafield>
  <datafield tag="650" ind1=" " ind2="0">
   <subfield code="a">Art</subfield>
   <subfield code="z">Germany</subfield>
   <subfield code="y">16th century</subfield>
   <subfield code="v">Exhibitions</subfield>
  </datafield>
  <datafield tag="650" ind1=" " ind2="4">
   <subfield code="a">Wittenberg</subfield>
  </datafield>
  <datafield tag="655" ind1=" " ind2="7">
   <subfield code="a">Ausstellungskatalog</subfield>
   <subfield code="y">&lt;2015</subfield>
   <subfield code="z">Dessau</subfield>
   <subfield code="0">(DE-588)4135467-9</subfield>
   <subfield code="0">(DE-627)10566491X</subfield>
   <subfield code="0">(DE-576)209660988</subfield>
   <subfield code="2">gnd-content</subfield>
  </datafield>
  <datafield tag="655" ind1=" " ind2="7">
   <subfield code="a">Ausstellungskatalog</subfield>
   <subfield code="x">Johannbau</subfield>
   <subfield code="y">26.06.2015-01.11.2015</subfield>
   <subfield code="z">Dessau</subfield>
   <subfield code="0">(DE-588)4135467-9</subfield>
   <subfield code="0">(DE-627)10566491X</subfield>
   <subfield code="0">(DE-576)209660988</subfield>
   <subfield code="2">gnd-content</subfield>
  </datafield>
  <datafield tag="655" ind1=" " ind2="7">
   <subfield code="a">Ausstellungskatalog</subfield>
   <subfield code="y">2015</subfield>
   <subfield code="z">Wittenberg</subfield>
   <subfield code="0">(DE-588)4135467-9</subfield>
   <subfield code="0">(DE-627)10566491X</subfield>
   <subfield code="0">(DE-576)209660988</subfield>
   <subfield code="2">gnd-content</subfield>
  </datafield>
  <datafield tag="689" ind1="0" ind2="0">
   <subfield code="d">p</subfield>
   <subfield code="0">(DE-588)118522590</subfield>
   <subfield code="0">(DE-627)145404439</subfield>
   <subfield code="0">(DE-576)208889493</subfield>
   <subfield code="a">Cranach, Lucas</subfield>
   <subfield code="c">der Jüngere</subfield>
   <subfield code="d">1515-1586</subfield>
   <subfield code="2">gnd</subfield>
  </datafield>
  <datafield tag="689" ind1="0" ind2="1">
   <subfield code="d">s</subfield>
   <subfield code="0">(DE-588)4048946-2</subfield>
   <subfield code="0">(DE-627)104364165</subfield>
   <subfield code="0">(DE-576)209079851</subfield>
   <subfield code="a">Reformation</subfield>
   <subfield code="2">gnd</subfield>
  </datafield>
  <datafield tag="689" ind1="0" ind2=" ">
   <subfield code="5">DE-101</subfield>
  </datafield>
  <datafield tag="689" ind1="1" ind2="0">
   <subfield code="d">p</subfield>
   <subfield code="0">(DE-588)118522590</subfield>
   <subfield code="0">(DE-627)145404439</subfield>
   <subfield code="0">(DE-576)208889493</subfield>
   <subfield code="a">Cranach, Lucas</subfield>
   <subfield code="c">der Jüngere</subfield>
   <subfield code="d">1515-1586</subfield>
   <subfield code="2">gnd</subfield>
  </datafield>
  <datafield tag="689" ind1="1" ind2=" ">
   <subfield code="5">(DE-627)</subfield>
  </datafield>
  <datafield tag="700" ind1="1" ind2=" ">
   <subfield code="a">Michels, Norbert</subfield>
   <subfield code="e">Hrsg.</subfield>
   <subfield code="0">(DE-588)1056605316</subfield>
   <subfield code="0">(DE-627)794853013</subfield>
   <subfield code="0">(DE-576)412287048</subfield>
   <subfield code="4">edt</subfield>
  </datafield>
  <datafield tag="700" ind1="1" ind2=" ">
   <subfield code="a">Ahn, Jürgen von</subfield>
   <subfield code="d">1977-</subfield>
   <subfield code="0">(DE-588)1073553744</subfield>
   <subfield code="0">(DE-627)829159517</subfield>
   <subfield code="0">(DE-576)435159550</subfield>
   <subfield code="4">oth</subfield>
  </datafield>
  <datafield tag="700" ind1="1" ind2=" ">
   <subfield code="a">Cranach, Lucas</subfield>
   <subfield code="c">der Jüngere</subfield>
   <subfield code="d">1515-1586</subfield>
   <subfield code="e">Ill.</subfield>
   <subfield code="0">(DE-588)118522590</subfield>
   <subfield code="0">(DE-627)145404439</subfield>
   <subfield code="0">(DE-576)208889493</subfield>
   <subfield code="4">ill</subfield>
  </datafield>
  <datafield tag="710" ind1="2" ind2=" ">
   <subfield code="a">Michael Imhof Verlag</subfield>
   <subfield code="e">Verlag</subfield>
   <subfield code="0">(DE-588)1065428324</subfield>
   <subfield code="0">(DE-627)816749604</subfield>
   <subfield code="0">(DE-576)425151581</subfield>
   <subfield code="4">pbl</subfield>
  </datafield>
  <datafield tag="711" ind1="2" ind2=" ">
   <subfield code="a">Landesausstellung Cranach der Jüngere</subfield>
   <subfield code="d">2015</subfield>
   <subfield code="c">Wittenberg; Dessau-Roßlau; Oranienbaum-Wörlitz</subfield>
   <subfield code="0">(DE-588)1065062370</subfield>
   <subfield code="0">(DE-627)815568061</subfield>
   <subfield code="0">(DE-576)424745070</subfield>
   <subfield code="4">oth</subfield>
  </datafield>
  <datafield tag="711" ind1="2" ind2=" ">
   <subfield code="a">Ausstellung Cranach in Anhalt</subfield>
   <subfield code="d">2015</subfield>
   <subfield code="c">Dessau-Roßlau</subfield>
   <subfield code="0">(DE-588)1076128688</subfield>
   <subfield code="0">(DE-627)834450100</subfield>
   <subfield code="0">(DE-576)444969845</subfield>
   <subfield code="4">oth</subfield>
  </datafield>
  <datafield tag="787" ind1="0" ind2="8">
   <subfield code="i">Rezensiert in</subfield>
   <subfield code="a">Neddens, Christian, 1972 - </subfield>
   <subfield code="t">Bilder der Reformation und die Reformation der Bilder – Forschungsbeiträge und Ausstellungs-Kataloge zum Cranachjahr 2015</subfield>
   <subfield code="d">2016</subfield>
   <subfield code="w">(DE-627)1662394403</subfield>
  </datafield>
  <datafield tag="787" ind1="0" ind2="8">
   <subfield code="i">Rezensiert in</subfield>
   <subfield code="a">Rimsl, Daniel, 1986 - </subfield>
   <subfield code="t">[Rezension von: Norbert Michels (Hrsg.); Cranach in Anhalt]</subfield>
   <subfield code="d">Regensburg : Verlag Schnell &amp; Steiner GmbH, 2016</subfield>
   <subfield code="w">(DE-627)1688174745</subfield>
  </datafield>
  <datafield tag="787" ind1="0" ind2="8">
   <subfield code="i">Rezensiert in</subfield>
   <subfield code="t">[Rezension]</subfield>
   <subfield code="d">2016</subfield>
   <subfield code="w">(DE-627)1752485033</subfield>
  </datafield>
  <datafield tag="810" ind1="2" ind2=" ">
   <subfield code="a">Anhaltische Gemäldegalerie Dessau</subfield>
   <subfield code="t">Kataloge der Anhaltischen Gemäldegalerie Dessau</subfield>
   <subfield code="v">19</subfield>
   <subfield code="9">19</subfield>
   <subfield code="w">(DE-627)50997208X</subfield>
   <subfield code="w">(DE-576)042742714</subfield>
   <subfield code="w">(DE-600)2229994-4</subfield>
   <subfield code="x">2569-412X</subfield>
   <subfield code="7">am</subfield>
  </datafield>
  <datafield tag="856" ind1="4" ind2="2">
   <subfield code="u">http://deposit.dnb.de/cgi-bin/dokserv?id=5278326&amp;prov=M&amp;dok_var=1&amp;dok_ext=htm</subfield>
   <subfield code="m">X: MVB</subfield>
   <subfield code="q">text/html</subfield>
   <subfield code="v">2015-06-03</subfield>
   <subfield code="x">Verlag</subfield>
   <subfield code="3">Inhaltstext</subfield>
   <subfield code="7">1</subfield>
  </datafield>
  <datafield tag="856" ind1="4" ind2="2">
   <subfield code="u">http://d-nb.info/1071563246/04</subfield>
   <subfield code="m">B:DE-101</subfield>
   <subfield code="q">pdf/application</subfield>
   <subfield code="v">20160511003401</subfield>
   <subfield code="x">Verlag</subfield>
   <subfield code="3">Inhaltsverzeichnis</subfield>
   <subfield code="7">1</subfield>
  </datafield>
  <datafield tag="856" ind1="4" ind2="2">
   <subfield code="u">http://www.gbv.de/dms/weimar/toc/826683754_toc.pdf</subfield>
   <subfield code="x">Verlag</subfield>
   <subfield code="y">Inhaltsverzeichnis</subfield>
   <subfield code="7">1</subfield>
  </datafield>
  <datafield tag="935" ind1=" " ind2=" ">
   <subfield code="a">RFBW</subfield>
   <subfield code="a">mteo</subfield>
  </datafield>
  <datafield tag="935" ind1=" " ind2=" ">
   <subfield code="i">Blocktest</subfield>
  </datafield>
  <datafield tag="936" ind1="r" ind2="v">
   <subfield code="a">LI 23970</subfield>
   <subfield code="b">Cranach, Lukas (der Jüngere)</subfield>
   <subfield code="k">Kunstgeschichte</subfield>
   <subfield code="k">Künstler-Monografien</subfield>
   <subfield code="k">Alphabetische Künstlerliste</subfield>
   <subfield code="k">Künstler C</subfield>
   <subfield code="k">Cranach</subfield>
   <subfield code="k">Cranach, Lukas (der Jüngere)</subfield>
   <subfield code="0">(DE-627)1272612740</subfield>
   <subfield code="0">(DE-625)rvk/95810:</subfield>
   <subfield code="0">(DE-576)202612740</subfield>
  </datafield>
  <datafield tag="936" ind1="r" ind2="v">
   <subfield code="a">LI 23940</subfield>
   <subfield code="b">Cranach-Familie</subfield>
   <subfield code="k">Kunstgeschichte</subfield>
   <subfield code="k">Künstler-Monografien</subfield>
   <subfield code="k">Alphabetische Künstlerliste</subfield>
   <subfield code="k">Künstler C</subfield>
   <subfield code="k">Cranach</subfield>
   <subfield code="k">Cranach-Familie</subfield>
   <subfield code="0">(DE-627)1271839725</subfield>
   <subfield code="0">(DE-625)rvk/95808:</subfield>
   <subfield code="0">(DE-576)201839725</subfield>
  </datafield>
  <datafield tag="936" ind1="b" ind2="k">
   <subfield code="a">20.31</subfield>
   <subfield code="j">Bildende Künstler</subfield>
   <subfield code="0">(DE-627)181571080</subfield>
  </datafield>
  <datafield tag="936" ind1="b" ind2="k">
   <subfield code="a">21.02</subfield>
   <subfield code="j">Geschichte der Malerei</subfield>
   <subfield code="0">(DE-627)106406698</subfield>
  </datafield>
  <datafield tag="951" ind1=" " ind2=" ">
   <subfield code="a">BO</subfield>
  </datafield>
  <datafield tag="990" ind1=" " ind2=" ">
   <subfield code="a">Cranach, Lucas &lt;der Jüngere&gt; </subfield>
  </datafield>
  <datafield tag="990" ind1=" " ind2=" ">
   <subfield code="a">Reformation</subfield>
  </datafield>
  <datafield tag="990" ind1=" " ind2=" ">
   <subfield code="a">Cranach, Lucas &lt;der Jüngere&gt; </subfield>
  </datafield>
  <datafield tag="991" ind1=" " ind2=" ">
   <subfield code="a">Rezensiertes Werk</subfield>
  </datafield>
  <datafield tag="999" ind1=" " ind2=" ">
   <subfield code="a">KXP-PPN826683754</subfield>
   <subfield code="e">4113074674</subfield>
  </datafield>
 </record>
</collection>
